Memoria del teniente general D. Fernando Fernández de Córdova sobre los sucesos politicos ocurridos en Madrid en los dias 17, 18 y 19 de julio de 1854. (Record no. 53687)

MARC details
000 -LEADER
campo de control de longitud fija 00858nam a22002175i 4500
001 - NÚMERO DE CONTROL
campo de control 53687
003 - IDENTIFICADOR DE NÚMERO DE CONTROL
campo de control ES-MaACL
005 - FECHA Y HORA DE LA ÚLTIMA TRANSACCIÓN
campo de control 20250828112043.0
007 - CAMPO FIJO DE DESCRIPCIÓN FÍSICA--INFORMACIÓN GENERAL
campo de control de longitud fija t|
008 - DATOS DE LONGITUD FIJA--INFORMACIÓN GENERAL
campo de control de longitud fija 940202s1855 sp ||||1| spa d
040 ## - FUENTE DE CATALOGACIÓN
Centro catalogador/agencia de origen CAM
Lengua de catalogación spa
100 1# - ENTRADA PRINCIPAL--NOMBRE DE PERSONA
Nombre de persona Fernández de Córdoba, Fernando
Títulos y otros términos asociados al nombre Marqués de Mendigorría (
Fechas asociadas al nombre 1809-1883)
9 (RLIN) 49650
245 10 - MENCIÓN DEL TÍTULO
Título Memoria del teniente general D. Fernando Fernández de Córdova sobre los sucesos politicos ocurridos en Madrid en los dias 17, 18 y 19 de julio de 1854.
260 ## - PUBLICACIÓN, DISTRIBUCIÓN, ETC.
Lugar de publicación, distribución, etc. Madrid :
Nombre del editor, distribuidor, etc. [s.n.],
Fecha de publicación, distribución, etc. 1855 (
Fabricante M. Rivadeneyra)
300 ## - DESCRIPCIÓN FÍSICA
Extensión 134 p. ;
Dimensiones 23 cm.
651 #7 - PUNTO DE ACCESO ADICIONAL DE MATERIA--NOMBRE GEOGRÁFICO
Nombre geográfico España-
Subdivisión general Historia-
Subdivisión cronológica S.XIX
9 (RLIN) 142005
852 ## - LOCALIZACIÓN
Ubicación ES-MaACL
Número de control de estantería Z-1-F-9
Encuadernación Olim: 1521-F-3
856 ## - LOCALIZACIÓN Y ACCESO ELECTRÓNICOS
Identificador Uniforme de Recursos <a href="https://bibliotecavirtual.defensa.gob.es/BVMDefensa/es/consulta/registro.do?id=67234">https://bibliotecavirtual.defensa.gob.es/BVMDefensa/es/consulta/registro.do?id=67234</a>
Estado de acceso Versión digital en línea
942 ## - ELEMENTOS DE ENTRADA SECUNDARIOS (KOHA)
Fuente del sistema de clasificación o colocación Clasificación decimal universal
Holdings
Estatus retirado Estado de pérdida Estado de daño No para préstamo Colección Biblioteca de origen Biblioteca actual Ubicación en estantería Fecha de adquisición Fuente de adquisición Total de préstamos Signatura topográfica completa Código de barras Visto por última vez Precio de reemplazo Tipo de ítem Koha
        Libros del s. XIX Biblioteca del Ateneo de Madrid Biblioteca del Ateneo de Madrid Depósito Z 17/01/2008     Z-1-F-9 1056413 23/02/2023 23/02/2023 Libro impreso antiguo